Normal view MARC view
  • PIPLANI, DR.MONA ., SINGH ,Dr. VARINDER,AND BHAGWAT ,DR. DEEPAK PRABHAKAR

Entry Personal Name

Number of records used in: 1

001 - CONTROL NUMBER

  • control field: 8376

003 - CONTROL NUMBER IDENTIFIER

  • control field: JRU

005 - DATE AND TIME OF LATEST TRANSACTION

  • control field: 20240110114213.0

008 - FIXED-LENGTH DATA ELEMENTS

  • fixed length control field: 240110|| aca||aabn | a|a d

040 ## - CATALOGING SOURCE

  • Original cataloging agency: JRU
  • Transcribing agency: JRU

100 ## - HEADING--PERSONAL NAME

  • Personal name: PIPLANI, DR.MONA ., SINGH ,Dr. VARINDER,AND BHAGWAT ,DR. DEEPAK PRABHAKAR

670 ## - SOURCE DATA FOUND

  • Source citation: Work cat.: (JRU)7441: PIPLANI, DR.MONA ., SINGH ,Dr. VARINDER,AND BHAGWAT ,DR. DEEPAK PRABHAKAR, A PRACTICAL BOOK OF PHARMACEUTICAL MICROBIOLOGY